000 00604nam a2200229 i 4500
001 C2-0297880
003 PPAK
005 20180728080041.0
008 090524s2004 ii |||| ||||| | tam d
040 _aPPAK
_beng
_cPPAK
_erda
082 0 4 _a894.8111
_223
090 0 0 _a894.8111
_bSAN
_dG
100 1 _aSanthiramogan, C.K.,
_eauthor
245 1 0 _aManappathvukal
264 1 _aChennai, India :
_bMathi Nilayam ,
_c2004
300 _a79 pages ;
_c18 cm
336 _2rdacontent
_atext
337 _2rdamedia
_aunmediated
338 _2rdacarrier
_avolume
650 1 0 _aTamil poetry
942 _ddc
_cB
999 _c102240
_d102240